000 00543cam a22001691a 4500
020 _a8174901973
082 _a808.831
_bDHI
245 0 2 _aTreasury of tales :
_bcontaining one hundred choice stories
_cby the best American and foreign authors.
260 _aNew York :
_bCaxton Book Co.,
300 _a23P.
_bill. ;
_c29 cm.
500 _aImperfect: t.-p. wanting.
526 _a0
_b0
_c0
_d808_831000000000000_DHI
526 _a0
_b0
_c0
_d808_831000000000000_DHI
650 _aMCE
_9379
700 1 _aSwinton, William,
_946907
942 _2ddc
_cBK
999 _c550187
_d550187